| 000 | 00575nam a22001817a 4500 | ||
|---|---|---|---|
| 003 | CEME | ||
| 005 | 20210628202546.0 | ||
| 008 | 210209b xxu||||| |||| 00| 0 eng d | ||
| 020 | _a1-58053-360-4 | ||
| 040 | _c. | ||
| 082 | _a621.3822 MIN | ||
| 100 |
_aMinkoff, John _960488 |
||
| 245 | _aSignal processing, fundamentals and applications for communications and sensing systems | ||
| 260 |
_aLONDON _bARTECH HOUSE _c2002 |
||
| 300 | _aXIII,308P | ||
| 650 |
_aSENSING SYSTEMS; COMMUNICATIONS AND SENSING SYSTEMS; DETECTORS; SIGNAL PROCESSING _960489 |
||
| 942 |
_cBK _2ddc |
||
| 999 |
_c570194 _d570194 |
||